<?xml version="1.0" encoding="UTF-8"?><?xml-stylesheet type="text/xsl" href="static/style.xsl"?><OAI-PMH xmlns="http://www.openarchives.org/OAI/2.0/" xmlns:xsi="http://www.w3.org/2001/XMLSchema-instance" xsi:schemaLocation="http://www.openarchives.org/OAI/2.0/ http://www.openarchives.org/OAI/2.0/OAI-PMH.xsd"><responseDate>2026-06-05T04:37:35Z</responseDate><request verb="GetRecord" identifier="oai:riuma.uma.es:10630/46767" metadataPrefix="marc">https://riuma.uma.es/rest/oai/request</request><GetRecord><record><header><identifier>oai:riuma.uma.es:10630/46767</identifier><datestamp>2026-06-01T23:46:23Z</datestamp><setSpec>com_10630_2254</setSpec><setSpec>col_10630_37953</setSpec></header><metadata><record xmlns="http://www.loc.gov/MARC21/slim" xmlns:dcterms="http://purl.org/dc/terms/" xmlns:doc="http://www.lyncode.com/xoai" xmlns:xsi="http://www.w3.org/2001/XMLSchema-instance" xsi:schemaLocation="http://www.loc.gov/MARC21/slim http://www.loc.gov/standards/marcxml/schema/MARC21slim.xsd">
   <leader>00925njm 22002777a 4500</leader>
   <datafield ind2=" " ind1=" " tag="042">
      <subfield code="a">dc</subfield>
   </datafield>
   <datafield ind2=" " ind1=" " tag="720">
      <subfield code="a">Caizán-Juanarena, Leire</subfield>
      <subfield code="e">author</subfield>
   </datafield>
   <datafield ind2=" " ind1=" " tag="720">
      <subfield code="a">Zamudio-García, Javier</subfield>
      <subfield code="e">author</subfield>
   </datafield>
   <datafield ind2=" " ind1=" " tag="720">
      <subfield code="a">Sánchez-Caballero, Abraham</subfield>
      <subfield code="e">author</subfield>
   </datafield>
   <datafield ind2=" " ind1=" " tag="720">
      <subfield code="a">Santos-Gómez, Lucía dos</subfield>
      <subfield code="e">author</subfield>
   </datafield>
   <datafield ind2=" " ind1=" " tag="720">
      <subfield code="a">Marrero-López, David</subfield>
      <subfield code="e">author</subfield>
   </datafield>
   <datafield ind2=" " ind1=" " tag="260">
      <subfield code="c">2026</subfield>
   </datafield>
   <datafield ind2=" " ind1=" " tag="520">
      <subfield code="a">The incorporation of active layers has become an effective strategy to reduce interfacial polarization losses in solid oxide fuel cells (SOFCs). However, the development of redox-stable active layers capable of operating under both oxidizing and reducing atmospheres in symmetrical cell configurations remains challenging. In this work, we develop a redox-stable Sr0.98Fe0.75Ti0.25O3-δ-Ce0.9Gd0.1O1.95 (SFT-CGO) nanocomposite that maintains its structural and chemical integrity during cycling between air and hydrogen atmospheres. When deposited via spray-pyrolysis as a nanostructured active layer, the composite forms a dense and homogeneous interface with the electrolyte, facilitating charge transfer and oxide-ion transport while increasing the density of electrochemically active surface pathways. This optimized interface significantly reduces the polarization resistance under both anodic and cathodic operation. As a result, a symmetrical electrolyte-supported cell incorporating the active layer delivers a peak power density of 630 mW cm−2 at 800 °C, compared to 380 mW cm−2 for the reference cell without the active layer. These results demonstrate that a redox-stable nanocomposite interlayer offers a scalable approach to improving interfacial properties and overall performance in symmetrical solid oxide cells.</subfield>
   </datafield>
   <datafield ind1="8" ind2=" " tag="024">
      <subfield code="a">Leire Caizán-Juanarena, Javier Zamudio-García, A. Sánchez-Caballero, Lucía dos Santos-Gómez, David Marrero-López, Interfacial active layers for redox-stable symmetrical solid oxide fuel cells, Ceramics International, Volume 52, Issue 15, Part A, 2026, Pages 27903-27911, ISSN 0272-8842, https://doi.org/10.1016/j.ceramint.2026.04.322</subfield>
   </datafield>
   <datafield ind1="8" ind2=" " tag="024">
      <subfield code="a">0272-8842</subfield>
   </datafield>
   <datafield ind1="8" ind2=" " tag="024">
      <subfield code="a">https://hdl.handle.net/10630/46767</subfield>
   </datafield>
   <datafield ind1="8" ind2=" " tag="024">
      <subfield code="a">10.1016/j.ceramint.2026.04.322</subfield>
   </datafield>
   <datafield tag="653" ind2=" " ind1=" ">
      <subfield code="a">Química inorgánica</subfield>
   </datafield>
   <datafield tag="653" ind2=" " ind1=" ">
      <subfield code="a">Química del estado sólido</subfield>
   </datafield>
   <datafield tag="653" ind2=" " ind1=" ">
      <subfield code="a">Materiales nanoestructurados</subfield>
   </datafield>
   <datafield tag="653" ind2=" " ind1=" ">
      <subfield code="a">Materiales nanocompuestos</subfield>
   </datafield>
   <datafield tag="653" ind2=" " ind1=" ">
      <subfield code="a">Reacciones químicas</subfield>
   </datafield>
   <datafield tag="653" ind2=" " ind1=" ">
      <subfield code="a">Oxidorreducción</subfield>
   </datafield>
   <datafield tag="653" ind2=" " ind1=" ">
      <subfield code="a">Pirólisis</subfield>
   </datafield>
   <datafield ind2="0" ind1="0" tag="245">
      <subfield code="a">Interfacial active layers for redox-stable symmetrical solid oxide fuel cells</subfield>
   </datafield>
</record>
</metadata></record></GetRecord></OAI-PMH>